First and manual (Record no. 8279)

MARC details
000 -LEADER
fixed length control field 00532nam a22001937a 4500
003 - CONTROL NUMBER IDENTIFIER
control field OSt
005 - DATE AND TIME OF LATEST TRANSACTION
control field 20260204084417.0
008 - FIXED-LENGTH DATA ELEMENTS--GENERAL INFORMATION
fixed length control field 260204b |||||||| |||| 00| 0 eng d
020 ## - INTERNATIONAL STANDARD BOOK NUMBER
International Standard Book Number 978-0-7566-4982-1
040 ## - CATALOGING SOURCE
Original cataloging agency DWCL-Main Lib
Transcribing agency OC
082 ## - DEWEY DECIMAL CLASSIFICATION NUMBER
Classification number Res. 362.18 F522 2009
100 ## - MAIN ENTRY--PERSONAL NAME
Personal name Piazza, Gina M.
245 ## - TITLE STATEMENT
Title First and manual
260 ## - PUBLICATION, DISTRIBUTION, ETC.
Place of publication, distribution, etc. London :
Name of publisher, distributor, etc. Dorling Kindersly,
Date of publication, distribution, etc. c2009
300 ## - PHYSICAL DESCRIPTION
Extent 288 p. :
Other physical details col. ill. ;
Dimensions 21 cm.
501 ## - WITH NOTE
With note Includes index.
650 ## - SUBJECT ADDED ENTRY--TOPICAL TERM
Topical term or geographic name entry element First aid - manual.
942 ## - ADDED ENTRY ELEMENTS (KOHA)
Source of classification or shelving scheme Dewey Decimal Classification
Koha item type Book- Reserved
Call number suffix Res.
Suppress in OPAC No
952 ## - LOCATION AND ITEM INFORMATION (KOHA)
--
Holdings
Withdrawn status Lost status Source of classification or shelving scheme Damaged status Not for loan Home library Current library Shelving location Date acquired Source of acquisition Total Checkouts Full call number Barcode Date last seen Copy number Price effective from Koha item type Uniform Resource Identifier
    Dewey Decimal Classification     Junior High School Library Junior High School Library Reserved 09/04/2010 Library Fund   Res.362.18 F522 2009 JHS - 15761 02/04/2026 c1 02/04/2026 BK-0 CIRC